Portugal 50 anos depois do 25 de Abril (Record no. 16015)

MARC details
000 -Etiqueta do registo
Valores 00952nam a2200265 4500
010 ## - Número ISBN
ISBN 9789899181137
021 ## - Número do Depósito Legal
Número 526705/24
100 ## - Dados gerais de processamento
Dados gerais 20240412d2024 m y0pory50030103ba
200 1# - Titulo e menção de responsabilidade
Título próprio Portugal 50 anos depois do 25 de Abril
Informação de outro título o que mudou?
Primeira menção de responsabilidade dir. científica João Gouveia Monteiro
Outras menções de responsabilidade coord. Isabel Campante, Beatriz Matos Fran—ca, Humberto Martins
205 ## - Menção da edição
Edição 1ª ed
210 #9 - Publicação
Local de publicação Lisboa
Nome do editor Manuscrito,
Data de publicação 2024
215 ## - Descrição física 
Paginação / Volumes 311 p.
Dimensões 24 cm
675 ## - CDU
Notação 94(469)"1974/..."(042)
Edição BN
Língua por
675 ## - CDU
Notação 321.7.02(469)"1974/..."(042)
Edição BN
Língua por
675 ## - CDU
Notação 316.42(469)"1974/..."(042)
Edição BN
Língua por
675 ## - CDU
Notação 061.3
Edição BN
Língua por
702 #1 - Autor secundário (pessoa individual)
Apelido Monteiro,
Nome João Gouveia,
Datas 1958-
702 #1 - Autor secundário (pessoa individual)
Apelido Campante,
Nome Isabel
702 #1 - Autor secundário (pessoa individual)
Apelido Fran—ca,
Nome Beatriz Matos
702 #1 - Autor secundário (pessoa individual)
Apelido Martins,
Nome Humberto
801 #0 - Fonte de origem
País PT
Agência BN
Regras de catalogação RPC
856 41 - Localização e acesso electrónico 
URL <a href="http://rnod.bnportugal.gov.pt/ImagesBN/winlibimg.aspx?skey=&doc=2163887&img=192855&save=true">http://rnod.bnportugal.gov.pt/ImagesBN/winlibimg.aspx?skey=&doc=2163887&img=192855&save=true</a>
990 ## - Elementos KOHA
Tipo de documento Livro
Holdings
Situação do levantamento Estado Número Biblioteca de origem Código de barras Cota Permissão de empréstimo Tipo de documento Forma de aquisição
    BMA Biblioteca Municipal do Alandroal 18093/24 323.27 (469) MON   Livro Compra

Powered by Koha